00407nam a2200157Ia 4500008004100000020001500041041001200056082001600068100001700084245006700101250000800168260003500176300000800211650001400219700001600233221030s9999 xx 000 0 und d a8177582976 aEnglish a105.23bHof aJ. A. Hoffer 0aModern Systems Analysis & Designcby J. A. Hoffer, J.F. George a4th bPearson EducationaDelhic2006 a614 aComputers aJ.F. George